000 00306nam a2200121Ia 4500
008 221007s9999 xx 000 0 und d
041 _aeng
100 _aUniversity of Pune
_9100174
245 _aDiploma in Hospital Management
260 _c1993
_bPune University
_aPune
300 _a20p
906 _bGeneral
999 _c69638
_d69638